[Event "HUN-chT2 Maroczy 1213"]
[Site "Hungary"]
[Date "2012.12.02"]
[Round "5"]
[White "Jeszenszky, Tibor"]
[Black "Szabolcsi, Janos"]
[Result "0-1"]
[WhiteElo "2325"]
[BlackElo "2396"]
[PlyCount "78"]
[EventDate "2012.09.16"]
[EventType "team-tourn"]
[EventRounds "11"]
[EventCountry "HUN"]
[SourceTitle "EXT 2014"]
[Source "ChessBase"]
[SourceDate "2013.11.20"]
[SourceVersion "1"]
[SourceVersionDate "2013.11.20"]
[SourceQuality "1"]
[WhiteTeam "Roeszke"]
[BlackTeam "Maroczy"]
[WhiteTeamCountry "HUN"]
[BlackTeamCountry "HUN"]

1. d4 f5 2. Nc3 d5 3. Bg5 h6 4. Bh4 g5 5. e3 gxh4 6. Qh5+ Kd7 7. Nxd5 Kd6 8. Nf4 e6 9. Nf3 Bd7 10. Ne5 Be8 11. Qf3 Nc6 12. 0-0-0 Qf6 13. e4 Ke7 14. Nxc6+ bxc6 15. exf5 exf5 16. Bc4 Bd7 17. Rhe1+ Kd8 18. d5 Rb8 19. Ne6+ Bxe6 20. dxe6+ Bd6 21. Qa3 Ke8 22. Rxd6 cxd6 23. Qxd6 Qxb2+ 24. Kd1 Ne7 25. Qd7+ Kf8 26. Re3 Qf6 27. Qxa7 Rd8+ 28. Ke2 Qd4 29. Qxd4 Rxd4 30. Bb3 Kg7 31. Kf3 Rd2 32. Rc3 Kf6 33. h3 Rhd8 34. a4 R8d4 35. a5 Rd1 36. Rc5 Ra1 37. Ke3 Rd8 38. Rc4 Re1+ 39. Kf3 Ng6 0-1

[Event "HUN-chT2 Maroczy 0708"]
[Site "Hungary"]
[Date "2008.04.27"]
[Round "10"]
[White "Jeszenszky, Tibor"]
[Black "Halasz, Tamas"]
[Result "1/2-1/2"]
[WhiteElo "2306"]
[BlackElo "2340"]
[PlyCount "27"]
[EventDate "2007.10.14"]
[EventType "team"]
[EventRounds "11"]
[EventCountry "HUN"]
[SourceTitle "EXT 2009"]
[Source "ChessBase"]
[SourceDate "2008.11.26"]
[SourceVersion "1"]
[SourceVersionDate "2008.11.26"]
[SourceQuality "1"]
[WhiteTeam "Koszolg"]
[BlackTeam "Miskolc EMSE"]
[WhiteTeamCountry "HUN"]
[BlackTeamCountry "HUN"]

1. d4 Nf6 2. Nf3 d5 3. c4 e6 4. Nc3 c6 5. cxd5 exd5 6. Qc2 Be7 7. Bg5 Nbd7 8. e3 0-0 9. Bd3 Re8 10. 0-0 Nf8 11. Bxf6 Bxf6 12. b4 Bg4 13. Nd2 Rc8 14. Bf5 1/2-1/2

[Event "HUN-chT2 Maroczy 0607"]
[Site "Hungary"]
[Date "2007.05.06"]
[Round "10"]
[White "Jeszenszky, Tibor"]
[Black "Gara, Gyorgy"]
[Result "1-0"]
[WhiteElo "2290"]
[BlackElo "2130"]
[PlyCount "107"]
[EventDate "2006.11.12"]
[EventType "team"]
[EventRounds "11"]
[EventCountry "HUN"]
[SourceTitle "EXT 2008"]
[Source "ChessBase"]
[SourceDate "2007.11.25"]
[SourceVersion "1"]
[SourceVersionDate "2007.11.25"]
[SourceQuality "1"]
[WhiteTeam "Koeszolg"]
[BlackTeam "Matra"]
[WhiteTeamCountry "HUN"]
[BlackTeamCountry "HUN"]

1. d4 e6 2. c4 f5 3. Nf3 Nf6 4. g3 Be7 5. Bg2 0-0 6. 0-0 d6 7. Nc3 Ne4 8. Qc2 Nxc3 9. bxc3 Nc6 10. e4 e5 11. c5 fxe4 12. Qxe4 d5 13. Qe3 e4 14. Ne1 Na5 15. f3 Nc4 16. Qe2 exf3 17. Rxf3 c6 18. Rxf8+ Bxf8 19. Nd3 Bf5 20. Bf4 Qd7 21. Ne5 Nxe5 22. Bxe5 Re8 23. Rf1 g6 24. Qf2 h5 25. Qf4 Bg7 26. Re1 Kh7 27. Kf2 Qe7 28. Qd2 Bxe5 29. Rxe5 Qf8 30. Rxe8 Qxe8 31. Qf4 Bd3 32. Bf3 Kg7 33. g4 hxg4 34. Bxg4 Qe7 35. Qe5+ Kf7 36. Ke3 Bb5 37. Qxe7+ Kxe7 38. Bd1 b6 39. Kf4 Kf6 40. h4 bxc5 41. dxc5 Ba6 42. Bg4 Bb5 43. Bd1 a5 44. Bc2 Ba6 45. Ba4 Bb7 46. a3 Ba8 47. Bd1 Bb7 48. Bg4 Kf7 49. Ke5 Ke7 50. Be2 Bc8 51. Bd3 Kf7 52. Kd6 Bf5 53. Ba6 Be4 54. Bb7 1-0

[Event "HUN-chT2 Maroczy 0607"]
[Site "Hungary"]
[Date "2007.02.18"]
[Round "5"]
[White "Rat, Dan Ovidiu"]
[Black "Jeszenszky, Tibor"]
[Result "1/2-1/2"]
[WhiteElo "2329"]
[BlackElo "2290"]
[PlyCount "22"]
[EventDate "2006.11.12"]
[EventType "team"]
[EventRounds "11"]
[EventCountry "HUN"]
[SourceTitle "EXT 2008"]
[Source "ChessBase"]
[SourceDate "2007.11.25"]
[SourceVersion "1"]
[SourceVersionDate "2007.11.25"]
[SourceQuality "1"]
[WhiteTeam "Kazincbarcika"]
[BlackTeam "Koeszolg"]
[WhiteTeamCountry "HUN"]
[BlackTeamCountry "HUN"]

1. c4 e6 2. g3 c5 3. Nf3 Nc6 4. Bg2 g6 5. d4 Bg7 6. d5 Na5 7. Qc2 Ne7 8. 0-0 0-0 9. Rd1 d6 10. Na3 exd5 11. cxd5 Rb8 1/2-1/2

[Event "HUN-chT2 Maroczy 0607"]
[Site "Hungary"]
[Date "2006.11.26"]
[Round "2"]
[White "Suto, Gabor"]
[Black "Jeszenszky, Tibor"]
[Result "0-1"]
[WhiteElo "2287"]
[BlackElo "2290"]
[PlyCount "64"]
[EventDate "2006.11.12"]
[EventType "team"]
[EventRounds "11"]
[EventCountry "HUN"]
[SourceTitle "EXT 2008"]
[Source "ChessBase"]
[SourceDate "2007.11.25"]
[SourceVersion "1"]
[SourceVersionDate "2007.11.25"]
[SourceQuality "1"]
[WhiteTeam "Sarospatak"]
[BlackTeam "Koeszolg"]
[WhiteTeamCountry "HUN"]
[BlackTeamCountry "HUN"]

1. d4 Nf6 2. c4 e6 3. Nf3 Bb4+ 4. Bd2 Qe7 5. g3 0-0 6. Bg2 Bxd2+ 7. Nbxd2 d6 8. Nf1 e5 9. Ne3 Nc6 10. 0-0 Bd7 11. Rc1 Rae8 12. d5 Nd8 13. b4 b6 14. c5 bxc5 15. bxc5 dxc5 16. Qb3 c6 17. Nd2 cxd5 18. Bxd5 Bh3 19. Rfd1 Ne6 20. Bxe6 Bxe6 21. Qa3 Rc8 22. Ndc4 Bxc4 23. Rxc4 Rc6 24. Qa4 Rfc8 25. Rd3 g6 26. Qd1 Qe6 27. Ra4 Ra6 28. Nc4 Rxa4 29. Qxa4 Rb8 30. Rd6 Qh3 31. Qd1 Ng4 32. Rd8+ Kg7 0-1

[Event "HUN-chT2 Charousek 0304"]
[Site "Hungary"]
[Date "2004.04.04"]
[Round "10"]
[White "Bodrogi, Mihaly"]
[Black "Jeszenszky, Tibor"]
[Result "1/2-1/2"]
[WhiteElo "2215"]
[BlackElo "2322"]
[PlyCount "146"]
[EventDate "2003.09.28"]
[EventType "team"]
[EventRounds "11"]
[EventCountry "HUN"]
[SourceTitle "EXT 2005"]
[Source "ChessBase"]
[SourceDate "2004.11.15"]
[SourceVersion "1"]
[SourceVersionDate "2004.11.15"]
[SourceQuality "1"]

1. e4 c5 2. Nc3 e6 3. d3 d5 4. g3 d4 5. Nce2 e5 6. Bg2 Nc6 7. Nf3 Bg4 8. h3 Be6 9. Ng5 Bd7 10. 0-0 f6 11. Nf3 Be6 12. Kh2 Qd7 13. Nd2 g5 14. Nc4 0-0-0 15. b3 h5 16. Rh1 Nh6 17. a3 Be7 18. Qe1 Kb8 19. Na5 Nxa5 20. Qxa5 h4 21. g4 Rc8 22. f3 Bd6 23. Qe1 Ng8 24. Bd2 Ne7 25. Qf2 Nc6 26. Rhb1 Ka8 27. Nc1 Bc7 28. Bf1 f5 29. Bxg5 fxg4 30. fxg4 Bxg4 31. hxg4 Qxg4 32. Qg2 Qh5 33. Be2 h3 34. Qg4 Qf7 35. Na2 Qf2+ 36. Kh1 Qg2+ 37. Qxg2 hxg2+ 38. Kxg2 Rcg8 39. Rh1 Rxg5+ 40. Kf2 Rf8+ 41. Bf3 Ba5 42. Rag1 Bd2 43. Rxg5 Bxg5 44. Ke2 Be3 45. Rf1 Rg8 46. Kd1 b5 47. Nc1 Kb7 48. Ne2 Rf8 49. Ng3 a5 50. Nf5 Bf4 51. Rh1 Rg8 52. Ke2 Kb6 53. Kf2 Ra8 54. Nd6 a4 55. Rh7 Rd8 56. Nb7 Rb8 57. Nd6 Rd8 58. Nb7 Ra8 59. Nd6 Na5 60. bxa4 bxa4 61. Bg4 c4 62. Nc8+ Ka6 63. Rc7 cxd3 64. cxd3 Nb3 65. Be6 Ka5 66. Bd7 Nc1 67. Rc5+ Ka6 68. Bb5+ Kb7 69. Nd6+ Ka7 70. Rc7+ Kb6 71. Rc6+ Ka7 72. Rc7+ Kb6 73. Rc6+ Ka7 1/2-1/2